| LEADER | 00508nam a2200193Ia 4500 | ||
|---|---|---|---|
| 001 | CTU_61405 | ||
| 008 | 210402s9999 xx 000 0 und d | ||
| 020 | |b 1085000 | ||
| 082 | |a 515 | ||
| 082 | |b E94 | ||
| 100 | |a Ewen, Dale | ||
| 245 | 0 | |a Technical calculus | |
| 245 | 0 | |c Dale Ewen, Joan S. Gary and James E. Trefzger | |
| 260 | |a Upper Saddle River, NJ | ||
| 260 | |b Prentice-Hall | ||
| 260 | |c 2002 | ||
| 650 | |a Calculus | ||
| 904 | |i Minh | ||
| 980 | |a Trung tâm Học liệu Trường Đại học Cần Thơ | ||